| 000 | 02493nam a2200241 a 4500 | ||
|---|---|---|---|
| 001 | 000005419 | ||
| 003 | DO-SdBNP | ||
| 005 | 20250421114358.0 | ||
| 008 | 090819s1982 es r 001 0 spa d | ||
| 020 | _a8400052102 | ||
| 040 |
_aDO-SdBNP _bspa _cBNPHU |
||
| 082 |
_a001.44 _aN677a |
||
| 245 | 1 | 0 |
_aApuntes para una política científica : _bdos años de investigación en el CSIC, 1980-1982 / _cAlejandro Nieto ... [et al.]. |
| 260 |
_aMadrid : _bConsejo Superior de Investigaciones Científicas, _c1982. |
||
| 300 |
_a295 p. ; _c24 cm. |
||
| 505 | 1 | _aPresentación / A. Nieto -- Primera parte: Avatares de una política científica institucional -- Programa de actuación del CSIC / A. Nieto -- Las dificultades de investigar en España: El CSIC / A. Nieto -- Balance del año 1981 / A. Nieto -- Tarea inacabada: ¿Tarea imposible? / A. Nieto -- Segunda parte: Actividades del CSIC -- Política científica del CSIC / J. M. Gómez Fatou -- Relaciones del CSIC con otros organismos / J. M. Gómez Fatou. Algunos aspectos de la cooperación científica y técnica internacional de España / José A. Muñoz-Delgado -- El CSIC y el futuro. La Biotecnología como desafío / E. Muñoz. El CSIC: su organización y programas en el campo de las ciencias agrarias y en el de las tecnologías de los alimentos / Teresa Mendizábal -- Contribución del CSIC a la tecnología de alimentos / Concepción Llaguno -- Banco de datos del CSIC / Concepción Llauno -- Tercera parte: Política científica nacional --La investigación científica en España / A. Nieto -- Investigación de base en España / E. Muñoz y F. Catalina -- Política científica, innovación y empleo / E. Muñoz -- divorcio entre ciencia e industria en España. Problema económico y realidad sociocultural / E. Muñoz -- La ciencia y el científico ante la innovación y el innovador / A. Nieto -- El plan nacional de investigación / A Nieto -- Adaptación de la juventud al cambio científico y tecnológico / A. Nieto -- Palabras pronunciadas en la sesión inagural del Congreso SIRME Madrid, 1981 / A. Nieto -- Prólogo a "Tónicos de la voluntad", de Santiago Ramón y Cajal / A. Nieto. | |
| 650 | 4 |
_aPolítica científica _zEspaña _xEnsayos, conferencias, etc. _915381 |
|
| 650 | 4 |
_aInvestigación y desarrollo _97087 |
|
| 650 | 4 |
_aProyectos de investigación _912 |
|
| 710 | 1 | 2 |
_aConsejo Superior de Investigaciones Científicas. (España) _915382 |
| 910 | _aValidado. Control de calidad. MMOLINA | ||
| 942 |
_2ddc _cLBS1 |
||
| 999 |
_c5219 _d5219 |
||